Vplyv hospodárskej krízy na regulatórny kapitál komerčnej banky
Príspevok poskytuje stručný prehľad legislatívnych zmien vymedzenia regulatórneho kapitálu komerčnej banky v podmienkach Slovenskej republiky pod vplyvom vývoja hospodárskej krízy, ako aj v širšom kontexte pripravovaných legislatívnych noriem, ktoré pripravuje Bazilejský výbor pre bankový dohľad spo...
Guardado en:
| Autor principal: | |
|---|---|
| Formato: | Capítulo de libro |
| Lenguaje: | eslovaco |
| Materias: | |
| Etiquetas: |
Sin Etiquetas, Sea el primero en etiquetar este registro!
|
MARC
| LEADER | 00000nla$a2200000$$$4500 | ||
|---|---|---|---|
| 001 | 0150493 | ||
| 005 | 20240502072715.0 | ||
| 041 | 0 | |a slo | |
| 044 | |a SK | ||
| 245 | 1 | 0 | |a Vplyv hospodárskej krízy na regulatórny kapitál komerčnej banky |c Martin Vovk |
| 520 | |a Príspevok poskytuje stručný prehľad legislatívnych zmien vymedzenia regulatórneho kapitálu komerčnej banky v podmienkach Slovenskej republiky pod vplyvom vývoja hospodárskej krízy, ako aj v širšom kontexte pripravovaných legislatívnych noriem, ktoré pripravuje Bazilejský výbor pre bankový dohľad spolu s European Banking Authority v snahe ochrániť európsky a v konečnom dôsledky aj mimoeurópsky bankový sektor pred negatívnymi prejavmi krízy v budúcnosti. | ||
| 610 | 2 | 0 | |a podnikanie obozretné |
| 610 | 2 | 0 | |a dohľad bankový |
| 610 | 2 | 0 | |a kapitál bankový |
| 610 | 2 | 0 | |a kríza |
| 100 | 1 | |a Vovk, Martin, 1976- | |